000 00567nam a22001817a 4500
005 20130611120755.0
010 _aENG-107430
020 _a9788183163651
_c800.00
035 _aEN-90963
037 _bDBAD/PUB
100 _a Nalini Shivkumar
245 _aDivas of deccan :
_cby Nalini Shivkumar [and] Rema Mahalingam
_ban ode to women of Hyderabad /
260 _aHyderabad
_bNeelkamal Publications
_c(201?)
270 _aSultan Bazar
_bHyderabad
_e500095
300 _aunpaged
_c27cm(pbk)
700 _aMahalingam, Rema
942 _2ddc
_cEN
_mNAL
999 _c76299
_d76299